<?xml version="1.0" encoding="UTF-8"?>
<collection xmlns="http://www.loc.gov/MARC21/slim">
 <record>
  <leader>08811cam a2201777 c 4500</leader>
  <controlfield tag="001">357846923</controlfield>
  <controlfield tag="003">DE-627</controlfield>
  <controlfield tag="005">20260613210430.0</controlfield>
  <controlfield tag="007">tu</controlfield>
  <controlfield tag="008">021210s2003    gw ||||| m    00| ||ger c</controlfield>
  <datafield tag="015" ind1=" " ind2=" ">
   <subfield code="a">03,H05,3633</subfield>
   <subfield code="2">dnb</subfield>
  </datafield>
  <datafield tag="016" ind1="7" ind2=" ">
   <subfield code="a">966584066</subfield>
   <subfield code="2">DE-101</subfield>
  </datafield>
  <datafield tag="020" ind1=" " ind2=" ">
   <subfield code="a">3770537661</subfield>
   <subfield code="9">3-7705-3766-1</subfield>
  </datafield>
  <datafield tag="035" ind1=" " ind2=" ">
   <subfield code="a">(DE-627)357846923</subfield>
  </datafield>
  <datafield tag="035" ind1=" " ind2=" ">
   <subfield code="a">(DE-603)110677323</subfield>
  </datafield>
  <datafield tag="035" ind1=" " ind2=" ">
   <subfield code="a">(DE-576)103654836</subfield>
  </datafield>
  <datafield tag="035" ind1=" " ind2=" ">
   <subfield code="a">(DE-599)GBV357846923</subfield>
  </datafield>
  <datafield tag="035" ind1=" " ind2=" ">
   <subfield code="a">(OCoLC)723048524</subfield>
  </datafield>
  <datafield tag="035" ind1=" " ind2=" ">
   <subfield code="a">(OCoLC)237701365</subfield>
  </datafield>
  <datafield tag="035" ind1=" " ind2=" ">
   <subfield code="a">(OCoLC)54852899</subfield>
  </datafield>
  <datafield tag="040" ind1=" " ind2=" ">
   <subfield code="a">DE-627</subfield>
   <subfield code="b">ger</subfield>
   <subfield code="c">DE-627</subfield>
   <subfield code="e">rakwb</subfield>
  </datafield>
  <datafield tag="041" ind1=" " ind2=" ">
   <subfield code="a">ger</subfield>
  </datafield>
  <datafield tag="044" ind1=" " ind2=" ">
   <subfield code="c">XA-DE</subfield>
  </datafield>
  <datafield tag="050" ind1=" " ind2="0">
   <subfield code="a">N5267.B65</subfield>
  </datafield>
  <datafield tag="082" ind1="0" ind2=" ">
   <subfield code="a">750.7443</subfield>
   <subfield code="q">SEPA</subfield>
  </datafield>
  <datafield tag="084" ind1=" " ind2=" ">
   <subfield code="a">46</subfield>
   <subfield code="2">sdnb</subfield>
  </datafield>
  <datafield tag="084" ind1=" " ind2=" ">
   <subfield code="a">9,10</subfield>
   <subfield code="2">ssgn</subfield>
  </datafield>
  <datafield tag="084" ind1=" " ind2=" ">
   <subfield code="a">LH 60400</subfield>
   <subfield code="2">rvk</subfield>
   <subfield code="0">(DE-625)rvk/94195:</subfield>
  </datafield>
  <datafield tag="084" ind1=" " ind2=" ">
   <subfield code="a">07</subfield>
   <subfield code="2">bwlb</subfield>
  </datafield>
  <datafield tag="084" ind1=" " ind2=" ">
   <subfield code="a">862</subfield>
   <subfield code="2">bwlb</subfield>
  </datafield>
  <datafield tag="084" ind1=" " ind2=" ">
   <subfield code="a">20.00</subfield>
   <subfield code="2">bkl</subfield>
  </datafield>
  <datafield tag="100" ind1="1" ind2=" ">
   <subfield code="a">Heckmann, Uwe</subfield>
   <subfield code="d">1962-</subfield>
   <subfield code="0">(DE-588)115557407</subfield>
   <subfield code="0">(DE-627)077327551</subfield>
   <subfield code="0">(DE-576)289947979</subfield>
   <subfield code="4">aut</subfield>
  </datafield>
  <datafield tag="245" ind1="1" ind2="4">
   <subfield code="a">Die Sammlung Boisserée</subfield>
   <subfield code="b">Konzeption und Rezeptionsgeschichte einer romantischen Kunstsammlung zwischen 1804 und 1827</subfield>
   <subfield code="c">Uwe Heckmann</subfield>
  </datafield>
  <datafield tag="264" ind1=" " ind2="1">
   <subfield code="a">München</subfield>
   <subfield code="b">Fink</subfield>
   <subfield code="c">2003</subfield>
  </datafield>
  <datafield tag="300" ind1=" " ind2=" ">
   <subfield code="a">405 S.</subfield>
   <subfield code="b">Ill.</subfield>
  </datafield>
  <datafield tag="336" ind1=" " ind2=" ">
   <subfield code="a">Text</subfield>
   <subfield code="b">txt</subfield>
   <subfield code="2">rdacontent</subfield>
  </datafield>
  <datafield tag="337" ind1=" " ind2=" ">
   <subfield code="a">ohne Hilfsmittel zu benutzen</subfield>
   <subfield code="b">n</subfield>
   <subfield code="2">rdamedia</subfield>
  </datafield>
  <datafield tag="338" ind1=" " ind2=" ">
   <subfield code="a">Band</subfield>
   <subfield code="b">nc</subfield>
   <subfield code="2">rdacarrier</subfield>
  </datafield>
  <datafield tag="490" ind1="0" ind2=" ">
   <subfield code="a">Neuzeit &amp; Gegenwart</subfield>
  </datafield>
  <datafield tag="502" ind1=" " ind2=" ">
   <subfield code="a">Teilw. zugl.: Marburg, Univ., Diss., 1996</subfield>
  </datafield>
  <datafield tag="505" ind1="8" ind2=" ">
   <subfield code="a">Literaturverz. S. [353]-390</subfield>
  </datafield>
  <datafield tag="583" ind1="1" ind2=" ">
   <subfield code="a">Archivierung/Langzeitarchivierung gewährleistet</subfield>
   <subfield code="f">SSG</subfield>
   <subfield code="x">XA-DE-BW</subfield>
   <subfield code="2">pdager</subfield>
   <subfield code="5">DE-16</subfield>
  </datafield>
  <datafield tag="600" ind1="1" ind2="0">
   <subfield code="a">Boisserée, Melchior</subfield>
   <subfield code="x">Art collections</subfield>
  </datafield>
  <datafield tag="600" ind1="1" ind2="0">
   <subfield code="a">Boisserée, Sulpiz</subfield>
   <subfield code="x">Art collections</subfield>
  </datafield>
  <datafield tag="600" ind1="1" ind2="0">
   <subfield code="a">Bertram, Johann B.</subfield>
  </datafield>
  <datafield tag="600" ind1="1" ind2="7">
   <subfield code="0">(DE-588)122892402</subfield>
   <subfield code="0">(DE-627)706081609</subfield>
   <subfield code="0">(DE-576)214495493</subfield>
   <subfield code="a">Bertram, Johann</subfield>
   <subfield code="d">1776-1841</subfield>
   <subfield code="2">gnd</subfield>
   <subfield code="7">(dpeaa)DE-631</subfield>
  </datafield>
  <datafield tag="600" ind1="1" ind2="7">
   <subfield code="0">(DE-588)119315378</subfield>
   <subfield code="0">(DE-627)225397420</subfield>
   <subfield code="0">(DE-576)212075411</subfield>
   <subfield code="a">Boisserée, Melchior</subfield>
   <subfield code="d">1786-1851</subfield>
   <subfield code="2">gnd</subfield>
   <subfield code="7">(dpeaa)DE-631</subfield>
  </datafield>
  <datafield tag="600" ind1="1" ind2="7">
   <subfield code="0">(DE-588)11851301X</subfield>
   <subfield code="0">(DE-627)136474802</subfield>
   <subfield code="0">(DE-576)160355273</subfield>
   <subfield code="a">Boisserée, Sulpiz</subfield>
   <subfield code="d">1783-1854</subfield>
   <subfield code="2">gnd</subfield>
   <subfield code="7">(dpeaa)DE-631</subfield>
  </datafield>
  <datafield tag="610" ind1="2" ind2="7">
   <subfield code="0">(DE-588)1086952030</subfield>
   <subfield code="0">(DE-627)851452175</subfield>
   <subfield code="0">(DE-576)458667404</subfield>
   <subfield code="a">Sammlung Boisserée</subfield>
   <subfield code="g">München</subfield>
   <subfield code="2">gnd</subfield>
   <subfield code="7">(dpeaa)DE-631</subfield>
  </datafield>
  <datafield tag="648" ind1=" " ind2="7">
   <subfield code="a">Geschichte 1800-1900</subfield>
   <subfield code="2">gnd</subfield>
   <subfield code="7">(dpeaa)DE-631</subfield>
  </datafield>
  <datafield tag="648" ind1=" " ind2="7">
   <subfield code="a">Geschichte 1400-1530</subfield>
   <subfield code="2">gnd</subfield>
  </datafield>
  <datafield tag="648" ind1=" " ind2="7">
   <subfield code="a">Geschichte 1804-1827</subfield>
   <subfield code="2">gnd</subfield>
  </datafield>
  <datafield tag="648" ind1=" " ind2="4">
   <subfield code="a">Neuzeit 1800-1900</subfield>
   <subfield code="0">(DE-631)35911</subfield>
   <subfield code="7">(dpeaa)DE-631</subfield>
  </datafield>
  <datafield tag="650" ind1=" " ind2="0">
   <subfield code="a">Art</subfield>
   <subfield code="x">Private collections</subfield>
   <subfield code="x">Germany</subfield>
  </datafield>
  <datafield tag="650" ind1=" " ind2="0">
   <subfield code="a">Art</subfield>
   <subfield code="x">Germany</subfield>
   <subfield code="x">Munich</subfield>
  </datafield>
  <datafield tag="650" ind1=" " ind2="0">
   <subfield code="a">Painting, Medieval</subfield>
   <subfield code="x">Germany</subfield>
  </datafield>
  <datafield tag="650" ind1=" " ind2="0">
   <subfield code="a">Painting, German</subfield>
  </datafield>
  <datafield tag="650" ind1="0" ind2="7">
   <subfield code="0">(DE-588)4128844-0</subfield>
   <subfield code="0">(DE-627)105714259</subfield>
   <subfield code="0">(DE-576)209605545</subfield>
   <subfield code="a">Sammlung</subfield>
   <subfield code="2">gnd</subfield>
   <subfield code="7">(dpeaa)DE-631</subfield>
  </datafield>
  <datafield tag="650" ind1="0" ind2="7">
   <subfield code="0">(DE-588)4037220-0</subfield>
   <subfield code="0">(DE-627)10623871X</subfield>
   <subfield code="0">(DE-576)209022892</subfield>
   <subfield code="a">Malerei</subfield>
   <subfield code="2">gnd</subfield>
  </datafield>
  <datafield tag="650" ind1="0" ind2="7">
   <subfield code="0">(DE-588)4049716-1</subfield>
   <subfield code="0">(DE-627)104675152</subfield>
   <subfield code="0">(DE-576)209083182</subfield>
   <subfield code="a">Rezeption</subfield>
   <subfield code="2">gnd</subfield>
  </datafield>
  <datafield tag="651" ind1=" " ind2="7">
   <subfield code="0">(DE-588)4023996-2</subfield>
   <subfield code="0">(DE-627)106300814</subfield>
   <subfield code="0">(DE-576)208952578</subfield>
   <subfield code="a">Heidelberg</subfield>
   <subfield code="2">gnd</subfield>
   <subfield code="7">(dpeaa)DE-631</subfield>
  </datafield>
  <datafield tag="651" ind1=" " ind2="7">
   <subfield code="0">(DE-588)4058282-6</subfield>
   <subfield code="0">(DE-627)106147811</subfield>
   <subfield code="0">(DE-576)209125608</subfield>
   <subfield code="a">Stuttgart</subfield>
   <subfield code="2">gnd</subfield>
   <subfield code="7">(dpeaa)DE-631</subfield>
  </datafield>
  <datafield tag="651" ind1=" " ind2="7">
   <subfield code="0">(DE-588)4011882-4</subfield>
   <subfield code="0">(DE-627)104704861</subfield>
   <subfield code="0">(DE-576)208896155</subfield>
   <subfield code="a">Deutschland</subfield>
   <subfield code="2">gnd</subfield>
  </datafield>
  <datafield tag="653" ind1=" " ind2="0">
   <subfield code="a">Alte Pinakothek (Munich, Germany)</subfield>
  </datafield>
  <datafield tag="655" ind1=" " ind2="7">
   <subfield code="a">Biografie</subfield>
   <subfield code="0">(DE-588)4006804-3</subfield>
   <subfield code="0">(DE-627)104213493</subfield>
   <subfield code="0">(DE-576)208867147</subfield>
   <subfield code="2">gnd-content</subfield>
  </datafield>
  <datafield tag="655" ind1=" " ind2="7">
   <subfield code="a">Hochschulschrift</subfield>
   <subfield code="0">(DE-588)4113937-9</subfield>
   <subfield code="0">(DE-627)105825778</subfield>
   <subfield code="0">(DE-576)209480580</subfield>
   <subfield code="2">gnd-content</subfield>
  </datafield>
  <datafield tag="689" ind1="0" ind2="0">
   <subfield code="d">p</subfield>
   <subfield code="0">(DE-588)11851301X</subfield>
   <subfield code="0">(DE-627)136474802</subfield>
   <subfield code="0">(DE-576)160355273</subfield>
   <subfield code="a">Boisserée, Sulpiz</subfield>
   <subfield code="d">1783-1854</subfield>
   <subfield code="2">gnd</subfield>
  </datafield>
  <datafield tag="689" ind1="0" ind2="1">
   <subfield code="d">s</subfield>
   <subfield code="0">(DE-588)4128844-0</subfield>
   <subfield code="0">(DE-627)105714259</subfield>
   <subfield code="0">(DE-576)209605545</subfield>
   <subfield code="a">Sammlung</subfield>
   <subfield code="2">gnd</subfield>
  </datafield>
  <datafield tag="689" ind1="0" ind2=" ">
   <subfield code="5">DE-101</subfield>
  </datafield>
  <datafield tag="689" ind1="1" ind2="0">
   <subfield code="d">p</subfield>
   <subfield code="0">(DE-588)119315378</subfield>
   <subfield code="0">(DE-627)225397420</subfield>
   <subfield code="0">(DE-576)212075411</subfield>
   <subfield code="a">Boisserée, Melchior</subfield>
   <subfield code="d">1786-1851</subfield>
   <subfield code="2">gnd</subfield>
  </datafield>
  <datafield tag="689" ind1="1" ind2="1">
   <subfield code="d">s</subfield>
   <subfield code="0">(DE-588)4128844-0</subfield>
   <subfield code="0">(DE-627)105714259</subfield>
   <subfield code="0">(DE-576)209605545</subfield>
   <subfield code="a">Sammlung</subfield>
   <subfield code="2">gnd</subfield>
  </datafield>
  <datafield tag="689" ind1="1" ind2=" ">
   <subfield code="5">DE-101</subfield>
  </datafield>
  <datafield tag="689" ind1="2" ind2="0">
   <subfield code="d">g</subfield>
   <subfield code="0">(DE-588)4011882-4</subfield>
   <subfield code="0">(DE-627)104704861</subfield>
   <subfield code="0">(DE-576)208896155</subfield>
   <subfield code="a">Deutschland</subfield>
   <subfield code="2">gnd</subfield>
  </datafield>
  <datafield tag="689" ind1="2" ind2="1">
   <subfield code="d">s</subfield>
   <subfield code="0">(DE-588)4037220-0</subfield>
   <subfield code="0">(DE-627)10623871X</subfield>
   <subfield code="0">(DE-576)209022892</subfield>
   <subfield code="a">Malerei</subfield>
   <subfield code="2">gnd</subfield>
  </datafield>
  <datafield tag="689" ind1="2" ind2="2">
   <subfield code="a">z</subfield>
   <subfield code="2">gnd</subfield>
   <subfield code="a">Geschichte 1400-1530</subfield>
  </datafield>
  <datafield tag="689" ind1="2" ind2="3">
   <subfield code="d">s</subfield>
   <subfield code="0">(DE-588)4128844-0</subfield>
   <subfield code="0">(DE-627)105714259</subfield>
   <subfield code="0">(DE-576)209605545</subfield>
   <subfield code="a">Sammlung</subfield>
   <subfield code="2">gnd</subfield>
  </datafield>
  <datafield tag="689" ind1="2" ind2=" ">
   <subfield code="5">DE-101</subfield>
  </datafield>
  <datafield tag="689" ind1="3" ind2="0">
   <subfield code="d">g</subfield>
   <subfield code="0">(DE-588)4011882-4</subfield>
   <subfield code="0">(DE-627)104704861</subfield>
   <subfield code="0">(DE-576)208896155</subfield>
   <subfield code="a">Deutschland</subfield>
   <subfield code="2">gnd</subfield>
  </datafield>
  <datafield tag="689" ind1="3" ind2="1">
   <subfield code="d">s</subfield>
   <subfield code="0">(DE-588)4037220-0</subfield>
   <subfield code="0">(DE-627)10623871X</subfield>
   <subfield code="0">(DE-576)209022892</subfield>
   <subfield code="a">Malerei</subfield>
   <subfield code="2">gnd</subfield>
  </datafield>
  <datafield tag="689" ind1="3" ind2="2">
   <subfield code="a">z</subfield>
   <subfield code="2">gnd</subfield>
   <subfield code="a">Geschichte 1400-1530</subfield>
  </datafield>
  <datafield tag="689" ind1="3" ind2="3">
   <subfield code="d">s</subfield>
   <subfield code="0">(DE-588)4128844-0</subfield>
   <subfield code="0">(DE-627)105714259</subfield>
   <subfield code="0">(DE-576)209605545</subfield>
   <subfield code="a">Sammlung</subfield>
   <subfield code="2">gnd</subfield>
  </datafield>
  <datafield tag="689" ind1="3" ind2="4">
   <subfield code="d">s</subfield>
   <subfield code="0">(DE-588)4049716-1</subfield>
   <subfield code="0">(DE-627)104675152</subfield>
   <subfield code="0">(DE-576)209083182</subfield>
   <subfield code="a">Rezeption</subfield>
   <subfield code="2">gnd</subfield>
  </datafield>
  <datafield tag="689" ind1="3" ind2="5">
   <subfield code="a">z</subfield>
   <subfield code="2">gnd</subfield>
   <subfield code="a">Geschichte 1804-1827</subfield>
  </datafield>
  <datafield tag="689" ind1="3" ind2=" ">
   <subfield code="5">DE-101</subfield>
  </datafield>
  <datafield tag="689" ind1="4" ind2="0">
   <subfield code="d">p</subfield>
   <subfield code="0">(DE-588)11851301X</subfield>
   <subfield code="0">(DE-627)136474802</subfield>
   <subfield code="0">(DE-576)160355273</subfield>
   <subfield code="a">Boisserée, Sulpiz</subfield>
   <subfield code="d">1783-1854</subfield>
   <subfield code="2">gnd</subfield>
  </datafield>
  <datafield tag="689" ind1="4" ind2="1">
   <subfield code="d">s</subfield>
   <subfield code="0">(DE-588)4128844-0</subfield>
   <subfield code="0">(DE-627)105714259</subfield>
   <subfield code="0">(DE-576)209605545</subfield>
   <subfield code="a">Sammlung</subfield>
   <subfield code="2">gnd</subfield>
  </datafield>
  <datafield tag="689" ind1="4" ind2=" ">
   <subfield code="5">(DE-627)</subfield>
  </datafield>
  <datafield tag="689" ind1="5" ind2="0">
   <subfield code="d">p</subfield>
   <subfield code="0">(DE-588)119315378</subfield>
   <subfield code="0">(DE-627)225397420</subfield>
   <subfield code="0">(DE-576)212075411</subfield>
   <subfield code="a">Boisserée, Melchior</subfield>
   <subfield code="d">1786-1851</subfield>
   <subfield code="2">gnd</subfield>
  </datafield>
  <datafield tag="689" ind1="5" ind2="1">
   <subfield code="d">s</subfield>
   <subfield code="0">(DE-588)4128844-0</subfield>
   <subfield code="0">(DE-627)105714259</subfield>
   <subfield code="0">(DE-576)209605545</subfield>
   <subfield code="a">Sammlung</subfield>
   <subfield code="2">gnd</subfield>
  </datafield>
  <datafield tag="689" ind1="5" ind2=" ">
   <subfield code="5">(DE-627)</subfield>
  </datafield>
  <datafield tag="689" ind1="6" ind2="0">
   <subfield code="d">g</subfield>
   <subfield code="0">(DE-588)4011882-4</subfield>
   <subfield code="0">(DE-627)104704861</subfield>
   <subfield code="0">(DE-576)208896155</subfield>
   <subfield code="a">Deutschland</subfield>
   <subfield code="2">gnd</subfield>
  </datafield>
  <datafield tag="689" ind1="6" ind2="1">
   <subfield code="d">s</subfield>
   <subfield code="0">(DE-588)4037220-0</subfield>
   <subfield code="0">(DE-627)10623871X</subfield>
   <subfield code="0">(DE-576)209022892</subfield>
   <subfield code="a">Malerei</subfield>
   <subfield code="2">gnd</subfield>
  </datafield>
  <datafield tag="689" ind1="6" ind2="2">
   <subfield code="a">z</subfield>
   <subfield code="2">gnd</subfield>
   <subfield code="a">Geschichte 1400-1530</subfield>
  </datafield>
  <datafield tag="689" ind1="6" ind2="3">
   <subfield code="d">s</subfield>
   <subfield code="0">(DE-588)4128844-0</subfield>
   <subfield code="0">(DE-627)105714259</subfield>
   <subfield code="0">(DE-576)209605545</subfield>
   <subfield code="a">Sammlung</subfield>
   <subfield code="2">gnd</subfield>
  </datafield>
  <datafield tag="689" ind1="6" ind2=" ">
   <subfield code="5">(DE-627)</subfield>
  </datafield>
  <datafield tag="689" ind1="7" ind2="0">
   <subfield code="d">g</subfield>
   <subfield code="0">(DE-588)4011882-4</subfield>
   <subfield code="0">(DE-627)104704861</subfield>
   <subfield code="0">(DE-576)208896155</subfield>
   <subfield code="a">Deutschland</subfield>
   <subfield code="2">gnd</subfield>
  </datafield>
  <datafield tag="689" ind1="7" ind2="1">
   <subfield code="d">s</subfield>
   <subfield code="0">(DE-588)4037220-0</subfield>
   <subfield code="0">(DE-627)10623871X</subfield>
   <subfield code="0">(DE-576)209022892</subfield>
   <subfield code="a">Malerei</subfield>
   <subfield code="2">gnd</subfield>
  </datafield>
  <datafield tag="689" ind1="7" ind2="2">
   <subfield code="a">z</subfield>
   <subfield code="2">gnd</subfield>
   <subfield code="a">Geschichte 1400-1530</subfield>
  </datafield>
  <datafield tag="689" ind1="7" ind2="3">
   <subfield code="d">s</subfield>
   <subfield code="0">(DE-588)4128844-0</subfield>
   <subfield code="0">(DE-627)105714259</subfield>
   <subfield code="0">(DE-576)209605545</subfield>
   <subfield code="a">Sammlung</subfield>
   <subfield code="2">gnd</subfield>
  </datafield>
  <datafield tag="689" ind1="7" ind2="4">
   <subfield code="d">s</subfield>
   <subfield code="0">(DE-588)4049716-1</subfield>
   <subfield code="0">(DE-627)104675152</subfield>
   <subfield code="0">(DE-576)209083182</subfield>
   <subfield code="a">Rezeption</subfield>
   <subfield code="2">gnd</subfield>
  </datafield>
  <datafield tag="689" ind1="7" ind2="5">
   <subfield code="a">z</subfield>
   <subfield code="2">gnd</subfield>
   <subfield code="a">Geschichte 1804-1827</subfield>
  </datafield>
  <datafield tag="689" ind1="7" ind2=" ">
   <subfield code="5">(DE-627)</subfield>
  </datafield>
  <datafield tag="751" ind1=" " ind2=" ">
   <subfield code="a">Marburg</subfield>
   <subfield code="0">(DE-588)4037446-4</subfield>
   <subfield code="0">(DE-627)106237454</subfield>
   <subfield code="0">(DE-576)209024305</subfield>
   <subfield code="4">uvp</subfield>
  </datafield>
  <datafield tag="776" ind1="0" ind2="8">
   <subfield code="i">Erscheint auch als</subfield>
   <subfield code="n">Online-Ausgabe</subfield>
   <subfield code="a">Heckmann, Uwe, 1962 - </subfield>
   <subfield code="t">Die Sammlung Boisserée</subfield>
   <subfield code="d">München : Fink, 2003</subfield>
   <subfield code="h">405 S.</subfield>
   <subfield code="w">(DE-627)1652439404</subfield>
   <subfield code="w">(DE-576)383348374</subfield>
   <subfield code="z">3770537661</subfield>
  </datafield>
  <datafield tag="787" ind1="0" ind2="8">
   <subfield code="i">Rezension</subfield>
   <subfield code="a">Lohse, Nikolaus</subfield>
   <subfield code="t">Blick zurück nach vorn</subfield>
   <subfield code="d">2004</subfield>
   <subfield code="w">(DE-627)750683570</subfield>
  </datafield>
  <datafield tag="787" ind1="0" ind2="8">
   <subfield code="i">Rezensiert in</subfield>
   <subfield code="a">Weidner, Thomas, 1963 - </subfield>
   <subfield code="t">[Rezension von: Heckmann, Uwe, Die Sammlung Boisserée, Konzeption und Rezeptionsgeschichte einer romantischen Kunstsammlung zwischen 1804 und 1827]</subfield>
   <subfield code="d">2005</subfield>
   <subfield code="w">(DE-627)514471751</subfield>
  </datafield>
  <datafield tag="787" ind1="0" ind2="8">
   <subfield code="i">Rezensiert in</subfield>
   <subfield code="a">Weidner, Thomas, 1963 - </subfield>
   <subfield code="t">[Rezension von: Heckmann, Uwe, Die Sammlung Boisserée, Konzeption und Rezeptionsgeschichte einer romantischen Kunstsammlung zwischen 1804 und 1827]</subfield>
   <subfield code="d">2005</subfield>
   <subfield code="w">(DE-627)1880422093</subfield>
  </datafield>
  <datafield tag="787" ind1="0" ind2="8">
   <subfield code="i">Rezensiert in</subfield>
   <subfield code="a">Thomas Weidner</subfield>
   <subfield code="t">[Die Sammlung Boisserée], in: Goethe-Jahrbuch</subfield>
   <subfield code="g">122. 2005. - S. 385 - 387</subfield>
  </datafield>
  <datafield tag="787" ind1="0" ind2="8">
   <subfield code="i">Rezensiert in</subfield>
   <subfield code="a">Benner, Iris, 1969 - </subfield>
   <subfield code="t">[Rezension von: Uwe Heckmann, Die Sammlung Boisserée]</subfield>
   <subfield code="d">2004</subfield>
   <subfield code="w">(DE-627)1919532234</subfield>
  </datafield>
  <datafield tag="787" ind1="0" ind2="8">
   <subfield code="i">Rezensiert in</subfield>
   <subfield code="w">(DE-603)179811908</subfield>
  </datafield>
  <datafield tag="787" ind1="0" ind2="8">
   <subfield code="i">Rezensiert in</subfield>
   <subfield code="w">(DE-603)293255113</subfield>
  </datafield>
  <datafield tag="856" ind1="4" ind2="2">
   <subfield code="u">https://swbplus.bsz-bw.de/bsz103654836rez.htm</subfield>
   <subfield code="m">V:DE-576</subfield>
   <subfield code="v">2005-06-07</subfield>
   <subfield code="3">Rezension</subfield>
   <subfield code="7">1</subfield>
  </datafield>
  <datafield tag="856" ind1="4" ind2="2">
   <subfield code="u">http://www.sehepunkte.de/2004/03/2723.html</subfield>
   <subfield code="m">V:DE-576;X:Sehepunkte</subfield>
   <subfield code="q">text/html</subfield>
   <subfield code="v">20180424122851</subfield>
   <subfield code="3">Rezension</subfield>
   <subfield code="7">1</subfield>
  </datafield>
  <datafield tag="856" ind1="4" ind2="2">
   <subfield code="u">https://scans.hebis.de/HEBCGI/show.pl?11067732_rez.pdf</subfield>
   <subfield code="m">V:DE-576</subfield>
   <subfield code="q">application/pdf</subfield>
   <subfield code="3">Rezension</subfield>
   <subfield code="7">1</subfield>
  </datafield>
  <datafield tag="856" ind1="4" ind2="2">
   <subfield code="u">https://scans.hebis.de/HEBCGI/show.pl?11067732_toc.pdf</subfield>
   <subfield code="m">V:DE-605</subfield>
   <subfield code="q">application/pdf</subfield>
   <subfield code="3">Inhaltsverzeichnis</subfield>
   <subfield code="7">1</subfield>
  </datafield>
  <datafield tag="935" ind1=" " ind2=" ">
   <subfield code="a">BWLB</subfield>
  </datafield>
  <datafield tag="935" ind1=" " ind2=" ">
   <subfield code="i">Blocktest</subfield>
  </datafield>
  <datafield tag="936" ind1="r" ind2="v">
   <subfield code="a">LH 60400</subfield>
   <subfield code="b">Kunstsammeln</subfield>
   <subfield code="k">Kunstgeschichte</subfield>
   <subfield code="k">Allgemeines. Allgemeine Kunstgeschichte</subfield>
   <subfield code="k">Kunstkennerschaft und Mäzenatentum</subfield>
   <subfield code="k">Kunstsammeln</subfield>
   <subfield code="0">(DE-627)1270643045</subfield>
   <subfield code="0">(DE-625)rvk/94195:</subfield>
   <subfield code="0">(DE-576)200643045</subfield>
  </datafield>
  <datafield tag="936" ind1="b" ind2="k">
   <subfield code="a">20.00</subfield>
   <subfield code="j">Kunstwissenschaften: Allgemeines</subfield>
   <subfield code="0">(DE-627)106406493</subfield>
  </datafield>
  <datafield tag="936" ind1="s" ind2="n">
   <subfield code="a">l300</subfield>
   <subfield code="2">mzub</subfield>
  </datafield>
  <datafield tag="951" ind1=" " ind2=" ">
   <subfield code="a">BO</subfield>
  </datafield>
  <datafield tag="990" ind1=" " ind2=" ">
   <subfield code="a">Boisserée, Sulpiz</subfield>
  </datafield>
  <datafield tag="990" ind1=" " ind2=" ">
   <subfield code="a">Sammlung</subfield>
  </datafield>
  <datafield tag="990" ind1=" " ind2=" ">
   <subfield code="a">Boisserée, Melchior</subfield>
  </datafield>
  <datafield tag="990" ind1=" " ind2=" ">
   <subfield code="a">Sammlung</subfield>
  </datafield>
  <datafield tag="990" ind1=" " ind2=" ">
   <subfield code="a">Deutschland</subfield>
  </datafield>
  <datafield tag="990" ind1=" " ind2=" ">
   <subfield code="a">Malerei</subfield>
  </datafield>
  <datafield tag="990" ind1=" " ind2=" ">
   <subfield code="a">Geschichte 1400-1530</subfield>
  </datafield>
  <datafield tag="990" ind1=" " ind2=" ">
   <subfield code="a">Sammlung</subfield>
  </datafield>
  <datafield tag="990" ind1=" " ind2=" ">
   <subfield code="a">Deutschland</subfield>
  </datafield>
  <datafield tag="990" ind1=" " ind2=" ">
   <subfield code="a">Malerei</subfield>
  </datafield>
  <datafield tag="990" ind1=" " ind2=" ">
   <subfield code="a">Geschichte 1400-1530</subfield>
  </datafield>
  <datafield tag="990" ind1=" " ind2=" ">
   <subfield code="a">Sammlung</subfield>
  </datafield>
  <datafield tag="990" ind1=" " ind2=" ">
   <subfield code="a">Rezeption</subfield>
  </datafield>
  <datafield tag="990" ind1=" " ind2=" ">
   <subfield code="a">Geschichte 1804-1827</subfield>
  </datafield>
  <datafield tag="990" ind1=" " ind2=" ">
   <subfield code="a">Boisserée, Sulpiz</subfield>
  </datafield>
  <datafield tag="990" ind1=" " ind2=" ">
   <subfield code="a">Sammlung</subfield>
  </datafield>
  <datafield tag="990" ind1=" " ind2=" ">
   <subfield code="a">Boisserée, Melchior</subfield>
  </datafield>
  <datafield tag="990" ind1=" " ind2=" ">
   <subfield code="a">Sammlung</subfield>
  </datafield>
  <datafield tag="990" ind1=" " ind2=" ">
   <subfield code="a">Deutschland</subfield>
  </datafield>
  <datafield tag="990" ind1=" " ind2=" ">
   <subfield code="a">Malerei</subfield>
  </datafield>
  <datafield tag="990" ind1=" " ind2=" ">
   <subfield code="a">Geschichte 1400-1530</subfield>
  </datafield>
  <datafield tag="990" ind1=" " ind2=" ">
   <subfield code="a">Sammlung</subfield>
  </datafield>
  <datafield tag="990" ind1=" " ind2=" ">
   <subfield code="a">Deutschland</subfield>
  </datafield>
  <datafield tag="990" ind1=" " ind2=" ">
   <subfield code="a">Malerei</subfield>
  </datafield>
  <datafield tag="990" ind1=" " ind2=" ">
   <subfield code="a">Geschichte 1400-1530</subfield>
  </datafield>
  <datafield tag="990" ind1=" " ind2=" ">
   <subfield code="a">Sammlung</subfield>
  </datafield>
  <datafield tag="990" ind1=" " ind2=" ">
   <subfield code="a">Rezeption</subfield>
  </datafield>
  <datafield tag="990" ind1=" " ind2=" ">
   <subfield code="a">Geschichte 1804-1827</subfield>
  </datafield>
  <datafield tag="991" ind1=" " ind2=" ">
   <subfield code="a">Rezensiertes Werk</subfield>
  </datafield>
  <datafield tag="999" ind1=" " ind2=" ">
   <subfield code="a">KXP-PPN357846923</subfield>
   <subfield code="e">4988410021</subfield>
  </datafield>
 </record>
</collection>
